00418 a2200145 450000500170000002000260001708200150004310000160005824500420007425000140011626000530013030000610018394200130024499900150025720250625073613.0 a13: 978-0-324-59770-7 a658.15HOU. aHOUSTON. B. aFundamentals Of Financial Management  a12th Ed. aNew YorkbSouth- Western Cengage Learningc2007. axxiii.; 668p.; ill, table, figure, picturebIndexc28cm. 2ddccBKS c4938d4938